Manchester United 2020/2021 - Statystyki

Ogólne statystyki
  • Ten quiz został rozwiązany 201 razy
  • Średni wynik to 21 z 30
Statystyki odpowiedzi
Odpowiedź % Poprawnych
Bramkarz De Gea
99%
Napastnik Rashford
94%
Obrońca Maguire
92%
Pomocnik Pogba
92%
Obrońca Shaw
92%
Napastnik Martial
91%
Bramkarz Henderson
87%
Obrońca Lindelof
85%
Obrońca Wan Bissaka
85%
Napastnik Cavani
84%
Pomocnik Fred
84%
Napastnik Greenwood
84%
Pomocnik Matic
79%
Bramkarz Romero
79%
Pomocnik Bruno Fernandes
78%
Pomocnik McTominay
75%
Obrońca Bailly
74%
Pomocnik Mata
69%
Obrońca Jones
68%
Obrońca Telles
68%
Obrońca Williams
59%
Bramkarz Grant
58%
Napastnik/Pomocnik James
55%
Pomocnik Van De Beek
55%
Obrońca Tuanzebe
51%
Napastnik/Pomocnik Lingard
50%
Napastnik Ighalo
37%
Obrońca Rojo
28%
Obrońca Fosu Mensah
27%
Napastnik Pellistri
8%
Nie znaleziono quizów pasujących do podanych kryteriów
Rozkład punktacji
Procent ludzi z każdym wynikiem
Percentyl według liczby udzielonych odpowiedzi
Twoja historia wyników
Nie rozwiązałeś tego quizu